Introduction to modern physics / (Record no. 180570)
[ view plain ]
| 000 -LEADER | |
|---|---|
| fixed length control field | 00932 a2200193 4500 |
| 003 - CONTROL NUMBER IDENTIFIER | |
| control field | Nust |
| 005 - DATE AND TIME OF LATEST TRANSACTION | |
| control field | 20221128093314.0 |
| 040 ## - CATALOGING SOURCE | |
| Transcribing agency | Nust |
| 082 ## - DEWEY DECIMAL CLASSIFICATION NUMBER | |
| Classification number | 530,RIC |
| 100 ## - MAIN ENTRY--PERSONAL NAME | |
| Personal name | Richtmyer, F. K. |
| 9 (RLIN) | 103651 |
| 245 ## - TITLE STATEMENT | |
| Title | Introduction to modern physics / |
| Statement of responsibility, etc. | F. K. Richtmyer, E. H. Kennard & John N. Cooper |
| 250 ## - EDITION STATEMENT | |
| Edition statement | 5th ed. |
| 260 ## - PUBLICATION, DISTRIBUTION, ETC. | |
| Place of publication, distribution, etc. | New York |
| Name of publisher, distributor, etc. | McGraw-Hill |
| Date of publication, distribution, etc. | 1969 |
| 300 ## - PHYSICAL DESCRIPTION | |
| Extent | xvi, 767 p. |
| 505 ## - FORMATTED CONTENTS NOTE | |
| Formatted contents note | Historical Sketch (Page-1), The Theory of Relativity (Page-49), Electrons and the Photoelectric Effect (Page-77), The Origin of the Quantum Theory (Page-106), The Nuclear Atom and the Origin of Spectral Lines (Page-133), Wave Mechanics (Page-172), Atomic Structure and Optical Spectra (Page-224), X-Rays (Page-345), Wave Mechanics of Matter in Bulk (Page-405), The Nucleus (Page-431), Cosmic Rays and Fundamental Particles (Page-555). |
| 650 ## - SUBJECT ADDED ENTRY--TOPICAL TERM | |
| Topical term or geographic name entry element | Physics. |
| 700 ## - ADDED ENTRY--PERSONAL NAME | |
| Personal name | Kennard, E. H. |
| 9 (RLIN) | 103652 |
| 942 ## - ADDED ENTRY ELEMENTS (KOHA) | |
| Source of classification or shelving scheme | |
| Koha item type | Book |
| Call number prefix | 530,RIC |
| Withdrawn status | Lost status | Source of classification or shelving scheme | Damaged status | Not for loan | Permanent Location | Current Location | Shelving location | Date acquired | Full call number | Barcode | Date last seen | Price effective from | Koha item type | Public note | Total Checkouts |
|---|---|---|---|---|---|---|---|---|---|---|---|---|---|---|---|
| Military College of Signals (MCS) | Military College of Signals (MCS) | General Stacks | 12/12/2016 | 530,RIC | MCS6324 | 12/08/2016 | 12/12/2016 | Book | Almirah No. 15 Shelf No. 4 | ||||||
| Military College of Signals (MCS) | Military College of Signals (MCS) | General Stacks | 12/02/2022 | 530,RIC | MCS7247 | 12/02/2022 | 12/02/2022 | Book | Almirah No.15, Shelf No.4 |
